| 000 -LEADER |
| fixed length control field |
00437nam a2200169Ia 4500 |
| 003 - CONTROL NUMBER IDENTIFIER |
| control field |
OSt |
| 005 - DATE AND TIME OF LATEST TRANSACTION |
| control field |
20250704165415.0 |
| 008 - FIXED-LENGTH DATA ELEMENTS--GENERAL INFORMATION |
| fixed length control field |
250310s9999||||xx |||||||||||||| ||und|| |
| 040 ## - CATALOGING SOURCE |
| Transcribing agency |
. |
| 082 ## - DEWEY DECIMAL CLASSIFICATION NUMBER |
| Classification number |
343.0965 |
| Item number |
G4751 |
| 100 ## - MAIN ENTRY--PERSONAL NAME |
| 9 (RLIN) |
771 |
| Personal name |
Gill, J. S. |
| 245 #0 - TITLE STATEMENT |
| Title |
Manual of merchant shipping act 1958 / |
| Statement of responsibility, etc. |
J.S. Gill |
| 250 ## - EDITION STATEMENT |
| Edition statement |
1st ed. |
| 260 ## - PUBLICATION, DISTRIBUTION, ETC. |
| Place of publication, distribution, etc. |
Mumbai : |
| Name of publisher, distributor, etc. |
Bhandarkar Publication, |
| Date of publication, distribution, etc. |
2008. |
| 300 ## - PHYSICAL DESCRIPTION |
| Extent |
xxxiv, 273 p. |
| 942 ## - ADDED ENTRY ELEMENTS (KOHA) |
| Koha item type |
Books |
| Source of classification or shelving scheme |
|